000 00901nam a2200265Ia 4500
008 191130s2010##################000#0#eng##
020 _a9780521113441
022 _a2009047372
040 _aACL
_cACL
082 _a307.76094 POL
100 _aPollak, Martha D
245 _aCities at war in early modern Europe
_cMartha Pollak
260 _aCambridge
_bCambridge University Press
_c2010
300 _axv, 354 p. : ill., maps ; 29 cm
500 _aIncludes bibliographical references and index
650 _aArchitecture - Europe - History
650 _aCities and towns - Europe - History
650 _aCity and town life - Europe - History
650 _aCity planning - Europe - History
650 _aEurope - History, Military - 1492-1648
650 _aEurope - History, Military - 1648-1789
990 _aa70b538aac10000c7129783d8a15c37e
991 _a342172
999 _c129704
_d129704